000 01108nam a2200289 c 4500
003 BLK
005 20180421000935.0
008 180411b bul|||||r ||||||| ||bul||
010 _aKNG00203877000
040 _aBLK
041 _aBUL
_cBUL
080 _aБългарска литература
_b821.163.2
_x-32
_z821.163.2-32
100 1 _aЕрулски, Иван
_eпърви автор
_gГюров, Иван Тасов
_967568
139 _aЕрулски, Иван
_bЕ 84
245 1 0 _aСледи от разпятието
_bНовела и разкази
_cИван Ерулски.
245 1 0 _aЧовек и котарак пият вода
_bНовели
_cИван Хранов
257 _aBGR
260 Перник
_bИзд. авт.
_c1991
300 _a107 с.
_bс портр.
_c20 см
380 _aX
500 _aИстинското име на авт. Иван Ерулски е Иван Гюров.
852 _aЦб 166574
856 4 _qpdf
_u
856 4 _qpdf
_u
942 _cKNG
_n0
944 _aCR
_c27.03.2017
_kКамелия_Данева
944 _aED
_c27.03.2017
_kКамелия_Данева
999 _c194646
_d194646